Score 0/28 Timer 05:00
0 Plays Today
Clue 5-Letter Word % Correct
Apple centersCORES
91.9%
Beards cover themCHINS
90%
Pizza servingSLICE
88.9%
Trick alternative?TREAT
88.5%
Contemplate►THINK◄
88.3%
Baby birdCHICK
87.7%
Like the hair of a GreaserSLICK
86.5%
Dense, in texture or intelligenceTHICK
85.8%
Suit of armor weaknessCHINK
84.7%
Adam Sandler flickCLICK
83.2%
NourishesFEEDS
83.1%
'Brady Bunch' housekeeperALICE
83%
Similar►ALIKE◄
81.9%
Descriptor of Alexander or Catherine?►GREAT◄
81.1%
Clue 5-Letter Word % Correct
Calluses on the feetCORNS
80.6%
EmancipatesFREES
78.9%
ChangeCOINS
77.9%
Rogers and DurstFREDS
75.4%
Sandwiching ends?BREAD
74.8%
Stay afloatTREAD
74.1%
Terrible things to waste►MINDS◄
70.2%
Looks after oneselfFENDS
68.8%
Explosive devicesMINES
67.7%
Canine varietyBREED
67.2%
Fixes with a Singer?MENDS
65.8%
Honda car released in 2008FREED
61.4%
Societal virtuesMORES
60.5%
Cranberry-growing wetlandsMIRES
54.3%

Today's Daily Dose

Remove Ads.
Support Sporcle.
Get the best of Sporcle when you Go Orange. This ad-free experience offers more features, more stats, and more fun while also helping to support Sporcle. Thank you for becoming a member.

You're not logged in!

Compare scores with friends on all Sporcle quizzes.
OR
Log In

Show Comments

Extras

Top Quizzes Today


Score Distribution

Your Account Isn't Verified!

In order to create a playlist on Sporcle, you need to verify the email address you used during registration. Go to your Sporcle Settings to finish the process.

Report this User

Report this user for behavior that violates our Community Guidelines.

Details: